000 00731nam a2200265 i 4500
001 C2-0246892
003 PPAK
005 20180727211545.0
008 030325s2000 enka|||| ||||| | eng d
020 _a0751367311
040 _aPPAK
_beng
_cPPAK
_erda
082 0 4 _a796.1
_223
090 0 0 _a796.1
_bDAV
_dRK
100 1 _aDavis, Steve,
_eauthor
245 1 0 _aSnowboarding
264 1 _aLondon :
_bDorling Kindersley ,
_c2000
300 _a45 pages :
_bcolour illustrations ;
_c29 cm
336 _2rdacontent
_atext
337 _2rdamedia
_aunmediated
338 _2rdacarrier
_avolume
490 1 _aDorling Kindersley superguides
650 1 0 _aSnowboarding
830 0 _aDorling Kindersley superguides
942 _ddc
_cB
999 _c60786
_d60786